[Event "Bremen Silvester op-A"]
[Site "Bremen"]
[Date "2022.12.30"]
[Round "7"]
[White "Gremmel, Jonas Simon"]
[Black "Giel, Olaf"]
[Result "1/2-1/2"]
[WhiteElo "2053"]
[BlackElo "2139"]
[PlyCount "28"]
[EventDate "2022.12.27"]
[EventType "swiss"]
[EventRounds "7"]
[EventCountry "GER"]
[SourceTitle "CBM 211 Extra"]
[Source "ChessBase"]
[SourceDate "2023.01.31"]
[SourceVersion "1"]
[SourceVersionDate "2023.01.31"]
[SourceQuality "1"]

1. d4 Nf6 2. Nf3 g6 3. c4 Bg7 4. Nc3 0-0 5. e4 d6 6. h3 Nbd7 7. Be3 e5 8. dxe5 Nxe5 9. Nxe5 dxe5 10. Be2 Be6 11. Qc2 c6 12. 0-0 Qc7 13. Rfd1 Nd7 14. Rd2 Rae8 1/2-1/2

[Event "Bremen Silvester op-A"]
[Site "Bremen"]
[Date "2022.12.28"]
[Round "4"]
[White "Weidenhoefer, Max"]
[Black "Gremmel, Jonas Simon"]
[Result "0-1"]
[WhiteElo "1847"]
[BlackElo "2053"]
[PlyCount "54"]
[EventDate "2022.12.27"]
[EventType "swiss"]
[EventRounds "7"]
[EventCountry "GER"]
[SourceTitle "CBM 211 Extra"]
[Source "ChessBase"]
[SourceDate "2023.01.31"]
[SourceVersion "1"]
[SourceVersionDate "2023.01.31"]
[SourceQuality "1"]

1. e4 c6 2. d4 d5 3. e5 Bf5 4. h4 h5 5. Bd3 Bxd3 6. Qxd3 e6 7. Nf3 Nd7 8. 0-0 Be7 9. g3 Nh6 10. b3 Nf5 11. Nbd2 g5 12. hxg5 Bxg5 13. Kg2 Qe7 14. a4 Bxd2 15. Bxd2 f6 16. exf6 Nxf6 17. Bg5 Qg7 18. Rae1 Ne4 19. c4 Qg6 20. Bf4 Nexg3 21. Rxe6+ Qxe6 22. fxg3 0-0-0 23. Be5 Rhg8 24. Qd2 b6 25. Re1 Qg6 26. Qf4 Nxg3 27. Nh4 Ne2+ 0-1

[Event "GER-ch Net blitz sf"]
[Site "Playchess.com INT"]
[Date "2021.06.05"]
[Round "5"]
[White "Gremmel, Jonas Simon"]
[Black "Meyling, Lennart"]
[Result "0-1"]
[WhiteElo "2054"]
[BlackElo "1912"]
[PlyCount "72"]
[EventDate "2021.06.05"]
[EventType "swiss (blitz)"]
[EventRounds "13"]
[EventCountry "GER"]
[SourceTitle "EXT 2023"]
[Source "ChessBase"]
[SourceDate "2022.10.05"]
[SourceVersion "1"]
[SourceVersionDate "2022.10.05"]
[SourceQuality "1"]

1. d4 Nf6 2. Nf3 e6 3. g3 b6 4. Bg2 Bb7 5. 0-0 Be7 6. c4 0-0 7. b3 d5 8. Bb2 c5 9. Nbd2 dxc4 10. Nxc4 Qc7 11. Rc1 Nc6 12. dxc5 Bxc5 13. Nce5 Rad8 14. Qc2 Nb4 15. Qb1 Be4 16. Qa1 Nc2 17. Rxc2 Bxc2 18. Rc1 Ne4 19. e3 Bb4 20. a3 Bd2 21. Rxc2 Qxc2 22. Nd4 Rxd4 23. exd4 Bc3 24. Bxe4 Qxb2 25. Qxb2 Bxb2 26. a4 Bxd4 27. Nc6 Bc5 28. Nxa7 Rd8 29. Nc6 Rd2 30. a5 bxa5 31. Nxa5 Rxf2 32. Kh1 Rb2 33. Bc6 Bb4 34. Nc4 Rxb3 35. Ne5 Rb2 36. Be4 Re2 0-1

[Event "GER-ch Net blitz qual4"]
[Site "Playchess.com INT"]
[Date "2021.05.10"]
[Round "1"]
[White "Gremmel, Jonas Simon"]
[Black "Schmitt, Carsten1111"]
[Result "1-0"]
[WhiteElo "2081"]
[BlackElo "1723"]
[PlyCount "45"]
[EventDate "2021.05.10"]
[EventType "swiss (blitz)"]
[EventRounds "11"]
[EventCountry "GER"]
[SourceTitle "CBM 202 Extra"]
[Source "ChessBase"]
[SourceDate "2021.07.31"]
[SourceVersion "1"]
[SourceVersionDate "2021.07.31"]
[SourceQuality "1"]

1. d4 Nf6 2. Nf3 e6 3. e3 d5 4. Bd3 c5 5. b3 Bd6 6. 0-0 0-0 7. Bb2 b6 8. Ne5 Bb7 9. Nd2 Nc6 10. f4 Qc7 11. c4 Ne7 12. Rc1 Rad8 13. g4 Ne4 14. Qc2 f5 15. g5 Bxe5 16. dxe5 Nxd2 17. Qxd2 dxc4 18. bxc4 Qc6 19. Qe2 Rd4 20. exd4 Qh1+ 21. Kf2 Qxh2+ 22. Ke1 Rd8 23. Qxh2 1-0

[Event "GER-ch Net blitz qual4"]
[Site "Playchess.com INT"]
[Date "2021.05.10"]
[Round "8"]
[White "Gremmel, Jonas Simon"]
[Black "Zhou, Lepu Coco"]
[Result "1-0"]
[WhiteElo "2081"]
[BlackElo "1822"]
[PlyCount "77"]
[EventDate "2021.05.10"]
[EventType "swiss (blitz)"]
[EventRounds "11"]
[EventCountry "GER"]
[SourceTitle "CBM 202 Extra"]
[Source "ChessBase"]
[SourceDate "2021.07.31"]
[SourceVersion "1"]
[SourceVersionDate "2021.07.31"]
[SourceQuality "1"]

1. d4 Nf6 2. Nf3 g6 3. b3 Bg7 4. Bb2 0-0 5. Nbd2 d5 6. e3 Nbd7 7. Bd3 c5 8. 0-0 b6 9. c4 Bb7 10. cxd5 Nxd5 11. Rc1 Nb4 12. Bb1 Ba6 13. Nc4 b5 14. Nce5 Nxe5 15. dxe5 c4 16. Bc3 Nd5 17. Bd4 c3 18. e4 Nf4 19. b4 Rc8 20. g3 Ne6 21. Bxc3 Qb6 22. Qe2 Rfd8 23. Rfd1 Bh6 24. Bd2 Rxc1 25. Bxc1 Bxc1 26. Rxc1 Nd4 27. Qe3 Nxf3+ 28. Qxf3 Qd4 29. e6 fxe6 30. Qb3 Kf7 31. a3 Bb7 32. Ba2 Bxe4 33. Qxe6+ Kg7 34. Qf7+ Kh6 35. Re1 Qd2 36. Rxe4 Qd1+ 37. Kg2 Qd3 38. Rh4+ Kg5 39. Qf4# 1-0

[Event "GER-ch Net blitz qual2"]
[Site "Playchess.com INT"]
[Date "2021.05.04"]
[Round "6"]
[White "Gremmel, Jonas Simon"]
[Black "Buchenau, Frank"]
[Result "1-0"]
[WhiteElo "1844"]
[BlackElo "2062"]
[PlyCount "121"]
[EventDate "2021.05.04"]
[EventType "swiss (blitz)"]
[EventRounds "11"]
[EventCountry "GER"]
[SourceTitle "CBM 202 Extra"]
[Source "ChessBase"]
[SourceDate "2021.07.31"]
[SourceVersion "1"]
[SourceVersionDate "2021.07.31"]
[SourceQuality "1"]

1. d4 e6 2. Nf3 Nf6 3. e3 b6 4. Bd3 Bb7 5. 0-0 c5 6. b3 Nc6 7. Bb2 d5 8. a3 Be7 9. c4 cxd4 10. Nxd4 0-0 11. Nd2 Rc8 12. cxd5 Nxd4 13. Bxd4 Qxd5 14. Qf3 Rfd8 15. Qxd5 Nxd5 16. Nc4 Nf4 17. Rfd1 Nxd3 18. Rxd3 Ba6 19. Rc3 b5 20. Ne5 Rxc3 21. Bxc3 Bf6 22. f4 Bb7 23. Bd4 a6 24. Rc1 Bd5 25. b4 Be7 26. g3 Ra8 27. Bc5 Rc8 28. Rc3 f6 29. Nd3 Kf7 30. Bd4 Rxc3 31. Bxc3 Bd6 32. Kf2 h6 33. Bd4 g5 34. Nc5 a5 35. bxa5 e5 36. fxe5 fxe5 37. Bxe5 Bxe5 38. a6 Bb8 39. Nb7 Ke7 40. Na5 Ba7 41. Ke2 Bb6 42. Nb7 Kd7 43. Kd3 Kc7 44. e4 Bxb7 45. axb7 Kxb7 46. h4 Bc7 47. hxg5 hxg5 48. g4 Bd6 49. Kd4 Bxa3 50. Ke5 Kc6 51. Kf6 Bc1 52. e5 b4 53. e6 Bb2+ 54. Kf7 b3 55. e7 Ba3 56. e8Q+ Kc5 57. Qe4 b2 58. Qc2+ Kb4 59. Ke6 Kb5 60. Kf5 Kb4 61. Kxg5 1-0

[Event "GER-ch Net blitz qual2"]
[Site "Playchess.com INT"]
[Date "2021.05.04"]
[Round "10"]
[White "Gremmel, Jonas Simon"]
[Black "Eilers, Stefan"]
[Result "0-1"]
[WhiteElo "1844"]
[BlackElo "2255"]
[PlyCount "188"]
[EventDate "2021.05.04"]
[EventType "swiss (blitz)"]
[EventRounds "11"]
[EventCountry "GER"]
[SourceTitle "CBM 202 Extra"]
[Source "ChessBase"]
[SourceDate "2021.07.31"]
[SourceVersion "1"]
[SourceVersionDate "2021.07.31"]
[SourceQuality "1"]

1. d4 d5 2. Nf3 e6 3. e3 c5 4. b3 Nc6 5. Bd3 Nf6 6. Bb2 Be7 7. 0-0 0-0 8. a3 b6 9. Nbd2 Bb7 10. Qe2 Rc8 11. Rac1 Re8 12. Rfd1 Bf8 13. c4 cxd4 14. exd4 g6 15. Nf1 Bg7 16. Ne3 Na5 17. cxd5 Rxc1 18. Bxc1 Nxd5 19. b4 Nc3 20. Qe1 Nxd1 21. Qxd1 Nc6 22. Bb5 a6 23. Bxc6 Bxc6 24. Bb2 Bxf3 25. gxf3 Qc7 26. Kg2 Rd8 27. Qd3 b5 28. Qe4 Qd7 29. Nc2 Qd5 30. Qd3 Qg5+ 31. Kf1 Qh4 32. Kg2 h5 33. Bc3 Qg5+ 34. Kf1 h4 35. Ke2 Qf5 36. Qxf5 gxf5 37. Ke3 Bh6+ 38. Ke2 Bg7 39. h3 Kh7 40. Ke3 Bh6+ 41. Ke2 Kg6 42. Ne1 Bg7 43. Ke3 f4+ 44. Ke4 f5+ 45. Kd3 e5 46. Ng2 Kg5 47. Bb2 exd4 48. Bc1 Be5 49. Bd2 Rc8 50. Ne1 Kf6 51. Ng2 Kg5 52. Ne1 Rd8 53. Nc2 Kf6 54. Ne1 Ke6 55. Ng2 Rh8 56. Bxf4 Rg8 57. Bxe5 Kxe5 58. f4+ Kd5 59. Nxh4 Ke6 60. Nf3 Rg2 61. Nxd4+ Kf6 62. Ke3 Rg1 63. Nc2 Rc1 64. Kd2 Rh1 65. Nd4 Rxh3 66. Nc2 Rb3 67. Ne3 Rxa3 68. Nd5+ Kf7 69. Nc3 Rb3 70. Kc2 Rxb4 71. Nd5 Rc4+ 72. Kd3 Ke6 73. Ne3 Ra4 74. Nd1 Ra3+ 75. Kc2 Rf3 76. Kb2 Rxf4 77. Kc2 Kd6 78. Kd2 a5 79. Ke3 Re4+ 80. Kd3 a4 81. Nc3 Rb4 82. Na2 Rb3+ 83. Kc2 f4 84. Nc1 Rf3 85. Nd3 Kd5 86. Kc3 Rxd3+ 87. Kxd3 a3 88. Kc3 Ke4 89. Kb3 Kf3 90. Kxa3 Kxf2 91. Kb4 Ke2 92. Kxb5 f3 93. Kc4 f2 94. Kc3 f1Q 0-1

[Event "GER-ch Net blitz qual2"]
[Site "Playchess.com INT"]
[Date "2021.05.04"]
[Round "7"]
[White "Svane, Frederik"]
[Black "Gremmel, Jonas Simon"]
[Result "1-0"]
[WhiteElo "2211"]
[BlackElo "1844"]
[PlyCount "139"]
[EventDate "2021.05.04"]
[EventType "swiss (blitz)"]
[EventRounds "11"]
[EventCountry "GER"]
[SourceTitle "CBM 202 Extra"]
[Source "ChessBase"]
[SourceDate "2021.07.31"]
[SourceVersion "1"]
[SourceVersionDate "2021.07.31"]
[SourceQuality "1"]

1. e4 g6 2. d4 Bg7 3. Nf3 d6 4. Bd3 Nd7 5. 0-0 c5 6. c3 b6 7. Re1 Bb7 8. d5 Ngf6 9. Na3 0-0 10. Bf4 a6 11. c4 Nh5 12. Bc1 e6 13. g4 Nhf6 14. h3 exd5 15. cxd5 b5 16. Bf4 Qb6 17. Qd2 Rfe8 18. b3 Nxe4 19. Qc1 Nef6 20. Bh6 Rxe1+ 21. Nxe1 Re8 22. Bxg7 Kxg7 23. Nac2 Nxd5 24. Bf1 Ne5 25. Qd2 Nf6 26. Ne3 d5 27. b4 c4 28. Rd1 Rd8 29. N3c2 Ne4 30. Qf4 Qf6 31. Qe3 Nc6 32. Bg2 Nc3 33. Rd2 Rd7 34. Nf3 Ne4 35. Rd1 Qc3 36. Nfd4 Qxe3 37. fxe3 Nxd4 38. Rxd4 Bc6 39. Kf1 Kf6 40. Ke2 Ke5 41. Ne1 Nc3+ 42. Kd2 Nxa2 43. Nc2 a5 44. bxa5 b4 45. Rf4 f6 46. Nd4 Bb7 47. Rf1 Nc3 48. Ra1 Ne4+ 49. Bxe4 dxe4 50. a6 Bd5 51. a7 Rd8 52. Ra5 Ra8 53. Nc6+ Kd6 54. Nxb4 Bc6 55. Ra6 Kc5 56. Nxc6 Kb5 57. Nb8 h5 58. gxh5 gxh5 59. Kc3 f5 60. Ra1 h4 61. Nd7 Kc6 62. Ne5+ Kd5 63. Nxc4 Rc8 64. a8Q+ Rxa8 65. Rxa8 f4 66. exf4 e3 67. Re8 e2 68. Rxe2 Kc5 69. Re5+ Kc6 70. Kd4 1-0

[Event "GER-ch Net blitz qual1"]
[Site "Playchess.com INT"]
[Date "2021.04.24"]
[Round "11"]
[White "Engel, Frank"]
[Black "Gremmel, Jonas Simon"]
[Result "0-1"]
[WhiteElo "1804"]
[BlackElo "1620"]
[PlyCount "100"]
[EventDate "2021.04.24"]
[EventType "swiss (blitz)"]
[EventRounds "11"]
[EventCountry "GER"]
[SourceTitle "CBM 202 Extra"]
[Source "ChessBase"]
[SourceDate "2021.07.31"]
[SourceVersion "1"]
[SourceVersionDate "2021.07.31"]
[SourceQuality "1"]

1. e4 c6 2. d4 d5 3. Nd2 g6 4. Ngf3 Bg7 5. c3 dxe4 6. Nxe4 Nd7 7. Bc4 Ngf6 8. Ng3 0-0 9. 0-0 Qc7 10. Re1 Re8 11. Bg5 Nb6 12. Bb3 Nbd5 13. Qd2 Bg4 14. Ne5 Be6 15. Bh6 Rad8 16. h4 c5 17. Bxg7 Kxg7 18. h5 cxd4 19. cxd4 Rd6 20. Re2 Red8 21. Rae1 Qb6 22. hxg6 hxg6 23. Nc4 Qc7 24. Nxd6 Qxd6 25. Qg5 Qf4 26. Qxf4 Nxf4 27. Re3 Rxd4 28. Bxe6 Nxe6 29. Ne2 Rd2 30. Rb3 b6 31. Nc3 Nc5 32. Ra3 a5 33. f3 Rxb2 34. Ne4 Nfxe4 35. fxe4 Kf6 36. Rf3+ Ke6 37. a3 Rd2 38. e5 Rd5 39. Rfe3 Nd7 40. Rb3 Rxe5 41. Rxe5+ Kxe5 42. Rb5+ Kd6 43. a4 e5 44. Kf2 f6 45. Ke3 Kc6 46. Kd3 Nc5+ 47. Ke3 Nxa4 48. Rb1 Nc5 49. Kf3 a4 50. Ra1 b5 0-1

[Event "GER-ch Net blitz qual1"]
[Site "Playchess.com INT"]
[Date "2021.04.24"]
[Round "8"]
[White "Gremmel, Jonas Simon"]
[Black "Diehl, Mirko"]
[Result "0-1"]
[WhiteElo "1620"]
[BlackElo "1847"]
[PlyCount "160"]
[EventDate "2021.04.24"]
[EventType "swiss (blitz)"]
[EventRounds "11"]
[EventCountry "GER"]
[SourceTitle "CBM 202 Extra"]
[Source "ChessBase"]
[SourceDate "2021.07.31"]
[SourceVersion "1"]
[SourceVersionDate "2021.07.31"]
[SourceQuality "1"]

1. d4 Nf6 2. Nf3 e6 3. e3 d5 4. Bd3 Nbd7 5. 0-0 b6 6. b3 Bb7 7. Bb2 c5 8. Nbd2 Rc8 9. c4 cxd4 10. exd4 Be7 11. Rc1 0-0 12. Re1 Re8 13. Ne5 Nxe5 14. dxe5 Nd7 15. Qg4 Nf8 16. Bf1 Bb4 17. Red1 Qe7 18. Nb1 dxc4 19. Bxc4 a5 20. Nc3 Ng6 21. Nb5 Red8 22. h3 Rxd1+ 23. Rxd1 Rd8 24. Kh2 Bc5 25. Bd4 Bxd4 26. Rxd4 Nxe5 27. Qd1 Rxd4 28. Qxd4 Nxc4 29. bxc4 h6 30. Qxb6 a4 31. c5 Qd7 32. Nd6 Bc6 33. Qb8+ Kh7 34. a3 e5 35. Qc8 Kg6 36. Qxd7 Bxd7 37. Kg3 f5 38. Kf3 Kf6 39. Ke3 Ke6 40. Nb7 Kd5 41. Kd3 Bb5+ 42. Kc3 Bd7 43. h4 Kc6 44. Nd8+ Kxc5 45. Nf7 Kd5 46. g3 Ke4 47. Kd2 Be6 48. Nd6+ Kd5 49. Nb5 Kc4 50. Nc3 Kb3 51. Nb5 Bd5 52. Nc7 Bc6 53. Ne6 Kxa3 54. Kc3 g6 55. Nc5 Bd5 56. Nd3 e4 57. Nb4 Bf7 58. Nc2+ Ka2 59. Nb4+ Kb1 60. Nc2 Kc1 61. Na3 Kd1 62. Kd4 Ke2 63. Ke5 Kxf2 64. Kf6 Be8 65. Ke7 Kxg3 66. Kxe8 Kxh4 67. Kf7 e3 68. Kxg6 e2 69. Nc2 a3 70. Kxf5 a2 71. Kf4 a1Q 72. Nxa1 e1Q 73. Nc2 Qd2+ 74. Ne3 Kh3 75. Kf3 Qd3 76. Kf4 h5 77. Kf3 h4 78. Kf4 Qxe3+ 79. Kxe3 Kg2 80. Ke2 h3 0-1

[Event "GER-ch Net blitz qual1"]
[Site "Playchess.com INT"]
[Date "2021.04.24"]
[Round "10"]
[White "Gremmel, Jonas Simon"]
[Black "Schmitt, Carsten1111"]
[Result "1-0"]
[WhiteElo "1620"]
[BlackElo "1749"]
[PlyCount "67"]
[EventDate "2021.04.24"]
[EventType "swiss (blitz)"]
[EventRounds "11"]
[EventCountry "GER"]
[SourceTitle "CBM 202 Extra"]
[Source "ChessBase"]
[SourceDate "2021.07.31"]
[SourceVersion "1"]
[SourceVersionDate "2021.07.31"]
[SourceQuality "1"]

1. d4 Nf6 2. Nf3 e6 3. e3 d5 4. Bd3 c5 5. b3 Nc6 6. Bb2 Bd6 7. 0-0 0-0 8. Ne5 Qc7 9. f4 Ne7 10. Nd2 b6 11. Rc1 Bb7 12. c4 Rac8 13. Qe2 Qb8 14. Rfd1 Rfd8 15. Ndf3 Ne8 16. Bxh7+ Kxh7 17. Nxf7 Nf6 18. N3g5+ Kg8 19. Nxd8 Rxd8 20. Nxe6 Re8 21. dxc5 Bxc5 22. Nxc5 bxc5 23. Bxf6 gxf6 24. Qg4+ Kf7 25. Qh5+ Kg7 26. cxd5 Rh8 27. Qg4+ Kf8 28. d6 Nd5 29. Qe6 Qa8 30. Rxc5 Rg8 31. g3 Rg7 32. Rcxd5 Bxd5 33. Qxd5 Qe8 34. e4 1-0

[Event "DSOL 01 Liga Gr-A 1st"]
[Site "Playchess.com INT"]
[Date "2020.07.24"]
[Round "5.2"]
[White "Monninger, Moritz Franz"]
[Black "Gremmel, Jonas Simon"]
[Result "0-1"]
[WhiteElo "2090"]
[BlackElo "2045"]
[PlyCount "90"]
[EventDate "2020.06.22"]
[EventType "team-tourn (rapid)"]
[EventCountry "GER"]
[SourceTitle "EXT 2021"]
[Source "ChessBase"]
[SourceDate "2020.10.23"]
[SourceVersion "1"]
[SourceVersionDate "2020.10.23"]
[SourceQuality "1"]
[WhiteTeam "Herzogenaurach"]
[BlackTeam "Hamburg SF"]
[WhiteTeamCountry "GER"]
[BlackTeamCountry "GER"]

1. d4 d5 2. Nc3 Nf6 3. Bf4 a6 4. e3 Bf5 5. Nf3 e6 6. Ne5 Bd6 7. Be2 c5 8. g4 Bg6 9. h4 h5 10. Nxg6 fxg6 11. Bxd6 Qxd6 12. Bd3 hxg4 13. Bxg6+ Ke7 14. Qd2 Nc6 15. 0-0-0 Rh6 16. h5 Rah8 17. dxc5 Qxc5 18. Qe2 Ne5 19. Rhe1 Nf3 20. Rf1 Nxh5 21. Bxh5 Rxh5 22. e4 d4 23. Na4 Qc6 24. b3 b5 25. Nb2 e5 26. Nd3 a5 27. Ne1 Ng5 28. Qxg4 Qxe4 29. Qg3 Ne6 30. Nd3 Rg5 31. Rfe1 Qa8 32. Qxg5+ Nxg5 33. Rxe5+ Kf6 34. f4 Nf7 35. Rxb5 Rc8 36. a4 Nd6 37. Re5 Qc6 38. Rc5 Qb7 39. Kb2 Rxc5 40. Nxc5 Qc6 41. Nd3 Ne4 42. Re1 Qc3+ 43. Kb1 Nd2+ 44. Kc1 Nxb3+ 45. Kb1 Qa1# 0-1

[Event "GER Cup Net V3 U2400"]
[Site "Playchess.com INT"]
[Date "2020.05.27"]
[Round "5"]
[White "Gremmel, Jonas Simon"]
[Black "Leonardi, Karlheinz"]
[Result "1-0"]
[WhiteElo "1956"]
[BlackElo "1672"]
[PlyCount "89"]
[EventDate "2020.05.27"]
[EventType "swiss (blitz)"]
[EventRounds "9"]
[EventCountry "GER"]
[SourceTitle "EXT 2021"]
[Source "ChessBase"]
[SourceDate "2020.10.23"]
[SourceVersion "1"]
[SourceVersionDate "2020.10.23"]
[SourceQuality "1"]

1. d4 d5 2. Nf3 Nf6 3. e3 c5 4. b3 cxd4 5. exd4 Nc6 6. Bb2 Bg4 7. Be2 e6 8. 0-0 Bd6 9. Nbd2 0-0 10. a3 Rc8 11. Ne5 Bxe2 12. Qxe2 Qc7 13. f4 Qb6 14. Ndf3 Bxe5 15. fxe5 Ne4 16. Rac1 Ne7 17. Nd2 Nxd2 18. Qxd2 Ng6 19. Kh1 Qc7 20. Rf3 b5 21. Bc3 f5 22. Bb4 Rf7 23. Bd6 Qd7 24. Qg5 Ne7 25. Rh3 Nc6 26. Qh4 g6 27. c3 a5 28. Rf1 b4 29. cxb4 axb4 30. a4 Na5 31. Bxb4 Nxb3 32. Rxb3 Qxa4 33. Rbb1 Rb8 34. Bc5 Rxb1 35. Rxb1 Qe8 36. Rf1 Rb7 37. Qf6 Rf7 38. Qg5 Rb7 39. h4 Qb5 40. Qd8+ Kg7 41. Qf6+ Kg8 42. Qxe6+ Kg7 43. Qf6+ Kh6 44. Bf8+ Kh5 45. Qg5# 1-0

[Event "GER Cup Net V3 U2400"]
[Site "Playchess.com INT"]
[Date "2020.05.27"]
[Round "3"]
[White "Plischki, Sebastian"]
[Black "Gremmel, Jonas Simon"]
[Result "1-0"]
[WhiteElo "2120"]
[BlackElo "1956"]
[PlyCount "141"]
[EventDate "2020.05.27"]
[EventType "swiss (blitz)"]
[EventRounds "9"]
[EventCountry "GER"]
[SourceTitle "EXT 2021"]
[Source "ChessBase"]
[SourceDate "2020.10.23"]
[SourceVersion "1"]
[SourceVersionDate "2020.10.23"]
[SourceQuality "1"]

1. d4 g6 2. e4 Bg7 3. Nf3 d6 4. Be3 a6 5. Bd3 Nd7 6. Qd2 c5 7. c3 b5 8. 0-0 Bb7 9. Re1 Rc8 10. Na3 e6 11. Nc2 Ne7 12. Bh6 0-0 13. Bxg7 Kxg7 14. Rad1 Qc7 15. Ne3 d5 16. e5 cxd4 17. cxd4 Nb6 18. Ng4 Ng8 19. b3 Qe7 20. h4 h5 21. Ngh2 Nh6 22. Qf4 Nd7 23. Ng5 Rc6 24. Nhf3 Nf5 25. Bxf5 exf5 26. Rc1 Rfc8 27. g3 Nf8 28. Qd2 b4 29. Rxc6 Rxc6 30. Rc1 Rxc1+ 31. Qxc1 a5 32. Kg2 Ba6 33. Qc6 Qb7 34. Qc5 Qb5 35. Qxb5 Bxb5 36. Nh3 f6 37. Nf4 fxe5 38. Nxe5 Ba6 39. Kf3 Bb7 40. Ke3 Kf6 41. f3 Ba8 42. Nfd3 Ne6 43. Nd7+ Ke7 44. N3c5 Nxc5 45. Nxc5 Kd6 46. Kf4 Ke7 47. Kg5 Kf7 48. Nd3 Kg7 49. Ne5 Bb7 50. Nxg6 Ba6 51. Nf4 Bf1 52. Kxf5 a4 53. Nxd5 axb3 54. axb3 Be2 55. f4 Bd1 56. Nxb4 Bxb3 57. d5 Bd1 58. d6 Kf7 59. Ke5 Bg4 60. f5 Ke8 61. Ke6 Bh3 62. d7+ Kd8 63. Nc6+ Kc7 64. d8Q+ Kxc6 65. Qd5+ Kc7 66. Qd6+ Kb7 67. Qc5 Kb8 68. Kd6 Kb7 69. Qb5+ Kc8 70. Qb6 Bxf5 71. Qc7# 1-0

[Event "GER Cup Net V2 U2400"]
[Site "Playchess.com INT"]
[Date "2020.05.22"]
[Round "1"]
[White "Gremmel, Jonas Simon"]
[Black "Marcziter, Dmitrii"]
[Result "1-0"]
[WhiteElo "1920"]
[BlackElo "2125"]
[PlyCount "51"]
[EventDate "2020.05.22"]
[EventType "swiss (blitz)"]
[EventRounds "9"]
[EventCountry "GER"]
[SourceTitle "EXT 2021"]
[Source "ChessBase"]
[SourceDate "2020.10.23"]
[SourceVersion "1"]
[SourceVersionDate "2020.10.23"]
[SourceQuality "1"]

1. d4 Nf6 2. Nf3 g6 3. b3 Bg7 4. Bb2 0-0 5. Nbd2 d6 6. e4 b6 7. Bd3 Bb7 8. 0-0 Nbd7 9. Re1 c5 10. d5 Ng4 11. Bxg7 Kxg7 12. Bf1 Nge5 13. Nxe5 dxe5 14. a4 a6 15. f4 Qc7 16. fxe5 Nxe5 17. Nf3 Rad8 18. Qe2 e6 19. Rad1 Rfe8 20. c4 b5 21. Qb2 f6 22. Nxe5 fxe5 23. cxb5 axb5 24. Bxb5 Re7 25. d6 Rxd6 26. Qxe5+ 1-0

[Event "GER Cup Net V2 U2400"]
[Site "Playchess.com INT"]
[Date "2020.05.22"]
[Round "7"]
[White "Gremmel, Jonas Simon"]
[Black "Tiarks, Jann Christian"]
[Result "0-1"]
[WhiteElo "1966"]
[BlackElo "2043"]
[PlyCount "176"]
[EventDate "2020.05.22"]
[EventType "swiss (blitz)"]
[EventRounds "9"]
[EventCountry "GER"]
[SourceTitle "EXT 2021"]
[Source "ChessBase"]
[SourceDate "2020.10.23"]
[SourceVersion "1"]
[SourceVersionDate "2020.10.23"]
[SourceQuality "1"]

1. d4 d5 2. Nf3 c6 3. e3 e6 4. Bd3 f5 5. 0-0 Nf6 6. Ne5 Bd6 7. f4 0-0 8. c3 Bd7 9. Nd2 Be8 10. Ndf3 Bh5 11. Qe1 Bxf3 12. Rxf3 Nbd7 13. Rh3 Qe7 14. Qh4 g6 15. Bd2 Qg7 16. Kh1 Ne4 17. Bxe4 dxe4 18. Rg1 Nxe5 19. fxe5 Be7 20. Qe1 Kh8 21. c4 Rad8 22. Bc3 g5 23. g4 f4 24. exf4 Rxf4 25. Re3 Qg6 26. b3 Kg8 27. Qe2 Rdf8 28. Be1 Bd8 29. Bg3 Rf3 30. Rxe4 Bb6 31. c5 Ba5 32. Re3 R3f7 33. a3 Rd8 34. b4 Bc7 35. Qc4 Rfd7 36. Rd1 Rd5 37. Rdd3 Qf7 38. Kg2 Qd7 39. Rf3 Qg7 40. Bf2 Qg6 41. Rb3 Qe4 42. h3 Rf8 43. Qf1 Rd7 44. Qd3 Qd5 45. Kg1 Rdf7 46. Rxf7 Rxf7 47. Qe3 Rf4 48. Rd3 h6 49. Rd1 Bxe5 50. Rf1 Bc7 51. Qe2 Rf3 52. Be3 Rxf1+ 53. Kxf1 Qe4 54. Qf2 Qh1+ 55. Ke2 Qxh3 56. Qf6 Qxg4+ 57. Kd2 Qg2+ 58. Kc3 Qe4 59. Bd2 g4 60. Qxh6 Bd8 61. Qh5 Bf6 62. Qe8+ Kg7 63. Qh5 Qxd4+ 64. Kc2 Qb2+ 65. Kd1 Qb1+ 66. Ke2 Qf5 67. Qh6+ Kf7 68. Qh2 Qf3+ 69. Ke1 Qe4+ 70. Kd1 Be5 71. Qh5+ Kg8 72. Qg5+ Bg7 73. Qd8+ Kh7 74. Qh4+ Kg8 75. Qd8+ Kf7 76. Qd7+ Kg6 77. Qe8+ Kh7 78. Qh5+ Kg8 79. Qe8+ Bf8 80. Qh5 Qf3+ 81. Kc1 Qf1+ 82. Kc2 Qf5+ 83. Qxf5 exf5 84. Kd3 Kf7 85. Kd4 Ke6 86. Bf4 Bg7+ 87. Ke3 Bb2 88. a4 Bc1+ 0-1

[Event "GER Cup Net V2 U2400"]
[Site "Playchess.com INT"]
[Date "2020.05.22"]
[Round "4"]
[White "Serrer, Christoph"]
[Black "Gremmel, Jonas Simon"]
[Result "0-1"]
[WhiteElo "2082"]
[BlackElo "1945"]
[PlyCount "102"]
[EventDate "2020.05.22"]
[EventType "swiss (blitz)"]
[EventRounds "9"]
[EventCountry "GER"]
[SourceTitle "EXT 2021"]
[Source "ChessBase"]
[SourceDate "2020.10.23"]
[SourceVersion "1"]
[SourceVersionDate "2020.10.23"]
[SourceQuality "1"]

1. c4 c6 2. Nf3 d5 3. g3 Nf6 4. Bg2 g6 5. b3 Bg7 6. Bb2 0-0 7. 0-0 Nbd7 8. d4 Ne4 9. Nfd2 f5 10. f3 Nxd2 11. Nxd2 c5 12. cxd5 cxd4 13. Nc4 Nb6 14. Bxd4 Bxd4+ 15. Qxd4 Qxd5 16. Rfd1 Qxd4+ 17. Rxd4 Be6 18. Na5 Bd5 19. Rad1 e6 20. e4 Bc6 21. Nxc6 bxc6 22. Rd6 e5 23. Rxc6 Rac8 24. Rcd6 Rc2 25. R6d2 Rc7 26. exf5 Rxf5 27. Kf2 Kg7 28. Ke3 Rf8 29. Bh3 Rf6 30. Rd6 Rc3+ 31. R1d3 Rxd6 32. Rxc3 Nd5+ 33. Kd3 Nxc3+ 34. Kxc3 Kf6 35. b4 Rd1 36. a4 Rh1 37. Bd7 Rxh2 38. b5 Ke7 39. Bc6 Kd6 40. Kb4 Rb2+ 41. Ka5 Kc7 42. Ka6 Kb8 43. a5 g5 44. Be8 h6 45. Bh5 Rg2 46. g4 Rf2 47. Bf7 Rxf3 48. Bd5 Rf4 49. Be6 e4 50. b6 axb6 51. Kxb6 Rf6 0-1